Höchste Anzahl von Einberufungen zur Fußball-Europameisterschaft - Statistiken

Allgemein
  • Dieses Quiz wurde 64 mal gespielt
  • Das Durchschnittsergebnis liegt bei 10 aus 22
Antwortstatistiken
Spieler Nationalität Einberufungen Jahre % Korrekt
Cristiano Ronaldo Portugal 6 2004, 2008, 2012, 2016, 2020, 2024
100%
Luka Modric Kroatien 5 2008, 2012, 2016, 2020, 2024
92%
Pepe Portugal 5 2008, 2012, 2016, 2020, 2024
83%
Lothar Matthäus Deutschland 4 1980, 1984, 1988, 2000
81%
Iker Casillas Spanien 5 2000, 2004, 2008, 2012, 2016
74%
Zlatan Ibrahimović Schweden 4 2004, 2008, 2012, 2016
74%
Bastian Schweinsteiger Deutschland 4 2004, 2008, 2012, 2016
72%
Gianluigi Buffon Italien 4 2004, 2008, 2012, 2016
72%
Lukas Podolski Deutschland 4 2004, 2008, 2012, 2016
62%
Peter Schmeichel Dänemark 4 1988, 1992, 1996, 2000
60%
Giorgio Chiellini Italien 4 2008, 2012, 2016, 2020
40%
Sebastian Larsson Schweden 4 2008, 2012, 2016, 2020
32%
Alessandro Del Piero Italien 4 1996, 2000, 2004, 2008
30%
Edwin van der Sar Niederlande 4 1996, 2000, 2004, 2008
26%
Petr Čech Tschechische Republik 4 2004, 2008, 2012, 2016
26%
Lilian Thuram Frankreich 4 1996, 2000, 2004, 2008
17%
Andreas Granqvist Schweden 4 2008, 2012, 2016, 2020
9%
Andreas Isaksson Schweden 4 2004, 2008, 2012, 2016
8%
Joao Moutinho Portugal 4 2008, 2012, 2016, 2020
6%
Olof Mellberg Schweden 4 2000, 2004, 2008, 2012
6%
Aron Winter Niederlande 4 1988, 1992, 1996, 2000
0%
Steve Mandanda Frankreich 4 2008, 2012, 2016, 2020
0%
Keine übereinstimmenden Quizze gefunden
Verteilung der Resultate
Anzahl Personen mit jedem Resultat
Perzentil nach korrekt beantworteten Fragen
Ihre Resultats-Entwicklung
Sie haben dieses Quiz noch nicht gespielt